header

Federal spending (Record no. 161239)

MARC details
000 -LEADER
fixed length control field 01542nam a2200373 a 4500
082 04 - DEWEY DECIMAL CLASSIFICATION NUMBER
Classification number 336.3/90973
245 00 - TITLE STATEMENT
Title Federal spending
260 ## - PUBLICATION, DISTRIBUTION, ETC. (IMPRINT)
Place of publication New York :
Name of publisher Nova Science Publishers,
Year of publication c2010.
300 ## - PHYSICAL DESCRIPTION
Number of Pages viii, 168 p. :
Other physical details ill. (some col.).
490 1# - SERIES STATEMENT
Series statement American political, economic, and security issues series
650 #0 - SUBJECT ADDED ENTRY--TOPICAL TERM
Topical Term Government spending policy
Topical Term Debts, Public
700 1# - ADDED ENTRY--PERSONAL NAME
Personal name Hargis, Frederick C.
856 40 - ELECTRONIC LOCATION AND ACCESS
Uniform Resource Identifier http://site.ebrary.com/lib/rucke/Doc?id=10670851

No items available.

© 2026 Rongo University
Contact us: librarian | system librarian | Rongo university